Európska susedská politika a problémové otázky implikácie projektu Východného partnerstva diplomová práca

Guardado en:
Detalles Bibliográficos
Autor principal: Potičná, Natália
Autor Corporativo: Fakulta medzinárodných vzťahov EU. Katedra medzinárodných politických vzťahov
Otros Autores: Čech, Ľubomír, 1955-
Formato: Libro
Lenguaje:eslovaco
Publicado: Bratislava 2017
Etiquetas: Agregar Etiqueta
Sin Etiquetas, Sea el primero en etiquetar este registro!

MARC

LEADER 00000nbm a2200000 4500
001 0232014
005 20180223121403.3
041 0 |a slo 
044 |a SK 
245 1 0 |a Európska susedská politika a problémové otázky implikácie projektu Východného partnerstva  |b diplomová práca  |c Natália Potičná ; školiteľ: Ľubomír Čech 
264 1 |a Bratislava  |c 2017 
300 |a 84 s. 
100 1 |a Potičná, Natália 
700 1 |a Čech, Ľubomír, 1955- 
710 2 |a Fakulta medzinárodných vzťahov EU. Katedra medzinárodných politických vzťahov